000 00545nam a2200181 i 4500
001 bg
100 1 _aGEHER, Karoly
245 0 _aTeoria tolerancji i wrażliwość układów elektronicznych /
_cKaroly Geher ; Tłum. [z węg.] Marian Bukowski.
260 _aWarszawa :
_bWydawn. Nauk.-Techn.,
_c1976.
300 _as. 163, nlb. 1 :
_brys.
504 _a[Zawiera bibliogr. s. 157-161].
650 9 _aUkłady elektroniczne
040 _cBPK
041 _apol
080 _a621.38
942 _cKS
008 s pl f |000 0 pol
999 _c16844
_d16844
856 _uhttp://koha.tu.koszalin.pl/cgi-bin/koha/opac-detail.pl?biblionumber=16844
_yKatalog online BPK